| 000 | 00338cam a22001337a 4500 | ||
|---|---|---|---|
| 008 | 180718b1984 xxu||||| |||| 00| 0 eng d | ||
| 082 | _aA99 G346t | ||
| 100 | _aGhosh, S.K. | ||
| 245 |
_aLight of others days _cby S.K. Ghosh |
||
| 260 |
_aDelhi _bAshish _c1984 |
||
| 300 | _a244p. | ||
| 650 | _aPolice - India | ||
| 650 | _aGhosh, S.K., 1913 | ||
| 999 |
_c345109 _d345109 |
||